Artificial intelligence: (Record no. 191)

MARC details
000 -LEADER
fixed length control field 00601nam a22001937a 4500
003 - CONTROL NUMBER IDENTIFIER
control field OSt
005 - DATE AND TIME OF LATEST TRANSACTION
control field 20191001110700.0
008 - FIXED-LENGTH DATA ELEMENTS--GENERAL INFORMATION
fixed length control field 140711b xxu||||| |||| 00| 0 eng d
020 ## - INTERNATIONAL STANDARD BOOK NUMBER
International Standard Book Number 9781849961196
040 ## - CATALOGING SOURCE
Transcribing agency DLNM
082 ## - DEWEY DECIMAL CLASSIFICATION NUMBER
Classification number 006.3 BEN 2010
100 ## - MAIN ENTRY--PERSONAL NAME
Personal name Benyoucef, Lyes; Kumar, Ela
9 (RLIN) 492
245 ## - TITLE STATEMENT
Title Artificial intelligence:
Remainder of title Techniques for Netwoked Manufacturing Enterprises Management
260 ## - PUBLICATION, DISTRIBUTION, ETC. (IMPRINT)
Place of publication, distribution, etc. New Dheli;
Name of publisher, distributor, etc. Springer,
Date of publication, distribution, etc. 2010
300 ## - PHYSICAL DESCRIPTION
Extent xxii ,454 p.:
Other physical details ill;
Dimensions 24 cm.
504 ## - BIBLIOGRAPHY, ETC. NOTE
Bibliography, etc Includes bibliographical references and index
650 ## - SUBJECT ADDED ENTRY--TOPICAL TERM
Topical term or geographic name as entry element Computer science
9 (RLIN) 493
942 ## - ADDED ENTRY ELEMENTS (KOHA)
Source of classification or shelving scheme Dewey Decimal Classification
Koha item type Book Bank
Holdings
Withdrawn status Lost status Source of classification or shelving scheme Damaged status Not for loan Home library Current library Date acquired Source of acquisition Inventory number Total Checkouts Full call number Barcode Date last seen Koha item type
    Dewey Decimal Classification     MUST Main Library MUST Main Library 11/07/2014 Purchase 12/36442   006.3 BEN 2010 2014-0688 11/07/2014 Book Bank
    Dewey Decimal Classification     MUST Main Library MUST Main Library 11/07/2014 Purchase 12/36441   006.3 BEN 2010 2014-0689 11/07/2014 Book Bank
    Dewey Decimal Classification     MUST Main Library MUST Main Library 11/07/2014 Purchase 12/36440   006.3 BEN 2010 2014-0690 11/07/2014 Book Bank
    Dewey Decimal Classification     MUST Main Library MUST Main Library 11/07/2014 Purchase 12/36439   006.3 BEN 2010 2014-0691 11/07/2014 Book Bank
    Dewey Decimal Classification     MUST Main Library MUST Main Library 11/07/2014 Purchase 12/36443   006.3 BEN 2010 2014-0692 11/07/2014 Book Bank